Loading...
Prayogik yog shiksha /
| Main Author: | |
|---|---|
| Format: | Printed Book |
| Language: | English |
| Published: |
Anand Prakashan,
1982.
|
| LEADER | 00402nam a2200121Ia 4500 | ||
|---|---|---|---|
| 008 | 121027s9999 xx 000 0 eng d | ||
| 082 | |a 181.45 |b ARU/P H | ||
| 100 | |a Aruna Anand | ||
| 245 | |a Prayogik yog shiksha / | ||
| 260 | |b Anand Prakashan, |c 1982. | ||
| 300 | |a 153 | ||
| 999 | |c 65778 |d 65778 | ||
| 952 | |0 1 |1 0 |2 ddc |4 1 |6 181_450000000000000_ARU_P_H |7 0 |9 65755 |a UL |b UL |c ST2 |d 2012-10-27 |l 0 |o 181.45 ARU/P H |p G4634 |r 2012-10-27 |y BK | ||